000 01163nam a2200217 a 4500
008 120416s1982 ||||||||||||||||| || u
020 _a0859509168
050 _aTA 330 Gre
100 _aGreer, Alex
245 1 0 _aBTEC First Mathematics for Technicians
260 _aCheltenham
_bStanley Thornes
_c1982
300 _a343p. : ill.
350 _a0.00
490 _aTechnology Today Series
650 0 _aMATHEMATICS--HANDBOOKS, MANUALS, ETC
650 _aOPERATION IN ARITHMETIC
995 _aANNEX COLLECTION (Main Library)
_D0.00
_e730896
_FCBU-MAIN LIBRARY (Kitwe)
_H3
_I30000.00
_jTA 330 Gre
_M3
_UAVAILABLE
_y028149
_ZAnnex Low-Usage Collection
995 _aANNEX COLLECTION (Main Library)
_D0.00
_e730855
_FCBU-MAIN LIBRARY (Kitwe)
_H2
_I30000.00
_jTA 330 Gre
_M2
_UAVAILABLE
_y027975
_ZAnnex Low-Usage Collection
995 _aMAIN LIBRARY OPEN ACCESS
_D0.00
_e730895
_FCBU-MAIN LIBRARY (Kitwe)
_H4
_I30000.00
_jTA 330 Gre
_M4
_UAVAILABLE
_WAug 14, 2006
_y028140
_ZMain Library Open Access Collection
995 _aMAIN LIBRARY OPEN ACCESS
_D0.00
_e736153
_FCBU-MAIN LIBRARY (Kitwe)
_H1
_I30000.00
_jTA 330 Gre
_M1
_UAVAILABLE
_WAug 14, 2006
_y39001
_ZMain Library Open Access Collection
999 _c77760
_d77760